000 00799nam a2200229 i 4500
001 114518
003 ES-MaACL
005 20260126133617.0
007 t|
008 070307s1931 fr ||||1| fre d
100 0 _aDaniel-Rops.
_942631
245 1 0 _aEdouard Estaunié
_b: fauteuil XXIV /
_cpar Daniel-Rops. Suivi de Pages inédites [d'Édouard Estaunié] et de l'Histoire du XXIVe fauteuil [par Jacques des Gachons]].
260 _aParis :
_bFélix Alcan,
_c1931.
300 _a104 p. ;
_c19 cm.
490 1 _aLes Quarante ;
_vfauteuil 24
600 1 4 _aEstaunie, Edouard.
_948024
610 0 4 _aAcadémie française-
_vHistoria
_91234
700 1 _aDes Gachons, Jacques.
_943811
830 0 _aLes Quarante ;
_vfauteuil 24
_9184582
852 _aES-MaACL
_jC-6875
999 _c114518
_d114518